Schaum's outline of theory and problems of modern physics / (Record no. 4453)

MARC details
000 -LEADER
fixed length control field 01060nac a22003011u 4500
010 ## -
-- 99027788
020 ## - INTERNATIONAL STANDARD BOOK NUMBER
International Standard Book Number 0070248303
035 ## - SYSTEM CONTROL NUMBER
System control number (DLC) 99027788
082 00 - DEWEY DECIMAL CLASSIFICATION NUMBER
Classification number 539.076
Item number G277
090 ## - LOCALLY ASSIGNED LC-TYPE CALL NUMBER (OCLC); LOCAL CALL NUMBER (OCLC)
-- 4453
-- 4453
100 ## - MAIN ENTRY--PERSONAL NAME
Personal name Gautreau, Ronald.
245 10 - TITLE STATEMENT
Title Schaum's outline of theory and problems of modern physics /
Statement of responsibility, etc Ronald Gautreau, William Savin.
246 30 - VARYING FORM OF TITLE
Title proper/short title Theory and problems of modern physics
246 30 - VARYING FORM OF TITLE
Title proper/short title Modern physics
250 ## - EDITION STATEMENT
Edition statement 2nd ed.
260 ## -
-- New York :
-- McGraw-Hill,
-- c1999.
300 ## - PHYSICAL DESCRIPTION
Extent ix, 338 p. :
Other physical details ill. ;
Dimensions 28 cm.
336 ## - CONTENT TYPE
Source rdacontent
Content type term text
Content type code txt
337 ## - MEDIA TYPE
Media type term unmediated
Source rdamedia
Media type code n
338 ## - CARRIER TYPE
Carrier type term volume
Carrier type code nc
Source rdacarrier
490 0# - SERIES STATEMENT
Series statement Schaum's outline series
500 ## - GENERAL NOTE
General note Includes index.
650 #0 - SUBJECT ADDED ENTRY--TOPICAL TERM
Topical term or geographic name as entry element Physics
Form subdivision Problems, exercises, etc.
700 1# - ADDED ENTRY--PERSONAL NAME
Personal name Savin, William.
856 42 - ELECTRONIC LOCATION AND ACCESS
Materials specified Publisher description
Uniform Resource Identifier <a href="http://www.loc.gov/catdir/description/mh023/99027788.html">http://www.loc.gov/catdir/description/mh023/99027788.html</a>
856 42 - ELECTRONIC LOCATION AND ACCESS
Materials specified Table of contents
Uniform Resource Identifier <a href="http://www.loc.gov/catdir/toc/mh023/99027788.html">http://www.loc.gov/catdir/toc/mh023/99027788.html</a>
942 ## - ADDED ENTRY ELEMENTS (KOHA)
Koha item type Book - Borrowing
Call number prefix 539.076G277
Classification part RDA-MOD
Holdings
Withdrawn status Lost status Damaged status Not for loan Home library Current library Shelving location Date acquired Source of acquisition Total Checkouts Full call number Barcode Date last seen Price effective from Koha item type
        Central Library Central Library First floor 07/09/2006 Purchase   539.076 GAU 000005418 15/07/2025 06/09/2007 Book - Borrowing